Score 0/48 Timer 05:00
1 Play Today
% Correct
TIRES
80.8%
MILES
78.1%
PLANE
75.8%
CAPES
72.6%
COINS
69.8%
SCAPE
69.3%
SHORE
68.1%
STAIN
66.6%
SAINT
66.4%
LIMES
65.8%
HEART
64.8%
SPINE
64.7%
PINES
62.9%
SEVER
61.7%
STRAY
59.5%
SERVE
59.4%
ROBES
57.3%
SLIME
52.4%
SMILE
51.5%
VERSE
49.3%
PANEL
49.2%
RITES
49.1%
PACES
49.1%
VEERS
48.9%
% Correct
BORES
48.6%
SATIN
47.4%
PENAL
47.2%
HORSE
46.1%
TRAYS
45.3%
TRIES
41.6%
SNIPE
40.4%
SPACE
38.6%
SOBER
37.9%
PENIS
34.7%
EARTH
34.1%
SCION
29.4%
ARTSY
28.9%
HEROS
28.7%
SONIC
25.4%
ICONS
25%
HATER
24.8%
BROSE
24.4%
RATHE
21%
TIERS
16.5%
ANTIS
13.3%
SATYR
10.4%
PLENA
6.1%
HOERS
5.7%
Remove Ads.
Support Sporcle.
Get the best of Sporcle when you Go Orange. This ad-free experience offers more features, more stats, and more fun while also helping to support Sporcle. Thank you for becoming a member.

You're not logged in!

Compare scores with friends on all Sporcle quizzes.
OR
Log In

Show Comments

Extras

Top Quizzes Today


Score Distribution

Your Account Isn't Verified!

In order to create a playlist on Sporcle, you need to verify the email address you used during registration. Go to your Sporcle Settings to finish the process.

Report this User

Report this user for behavior that violates our Community Guidelines.

Details: